[Event "Wch U18"]
[Site "Guarapuava"]
[Date "1995.??.??"]
[Round "8"]
[White "Shliperman, Igor"]
[Black "Kacheishvili, Giorgi"]
[Result "0-1"]
[WhiteElo "2350"]
[BlackElo "2450"]
[PlyCount "58"]
[EventDate "1995.??.??"]
[EventType "swiss"]
[EventRounds "11"]
[EventCountry "BRA"]
[SourceTitle "Juniors"]
[Source "ChessBase"]
[SourceDate "1999.07.01"]
[SourceVersion "1"]
[SourceVersionDate "1999.07.01"]
[SourceQuality "1"]

1. e4 c5 2. Nf3 e6 3. c3 Nf6 4. e5 Nd5 5. d4 cxd4 6. cxd4 d6 7. Bc4 Nb6 8. Bd3 Bd7 9. 0-0 Bc6 10. Nc3 N8d7 11. Re1 dxe5 12. Nxe5 Nxe5 13. dxe5 Bb4 14. Qc2 Qh4 15. a3 Bxc3 16. Qxc3 0-0 17. Bf1 Nd5 18. Qc4 Qh5 19. Qd4 Rfd8 20. Be2 Qg6 21. Qg4 h6 22. Rd1 Rac8 23. Qh4 Rd7 24. Bf3 Nf4 25. Rxd7 Bxf3 26. g3 Ne2+ 27. Kf1 Nxc1 28. Qa4 Rc6 29. Rxc1 Rxc1+ 0-1